Google Products Logo Quiz - Statistics

General Stats
  • This quiz has been taken 181 times
  • The average score is 13 of 19
Answer Stats
Picture Answer % Correct
Gmail
94%
YouTube
92%
Google Maps
91%
Google Docs
87%
Google Play
85%
Google Calendar
84%
Google Drive
80%
Google Plus
79%
Google Translate
78%
Google Classroom
68%
Google Photos
67%
Google Earth
64%
Google Meet
63%
Google Slides
56%
Google Assistant
55%
Google Hangouts
55%
Google Forms
45%
Google News
42%
Google Duo
34%
No matching quizzes found
Score Distribution
Percent of People with Each Score
Percentile by Number Answered
Your Score History
You have not taken this quiz